[Event "Tatry op"]
[Site "Tatranske Zruby"]
[Date "2011.10.01"]
[Round "8"]
[White "Sosovicka, Matej"]
[Black "Daels, Marc"]
[Result "1/2-1/2"]
[WhiteElo "1961"]
[BlackElo "2233"]
[PlyCount "54"]
[EventDate "2011.09.25"]
[EventType "swiss"]
[EventRounds "9"]
[EventCountry "SVK"]
[SourceTitle "CBM 144 Extra"]
[Source "ChessBase"]
[SourceDate "2011.10.28"]
[SourceVersion "1"]
[SourceVersionDate "2011.10.28"]
[SourceQuality "1"]

1. e4 c5 2. Nf3 Nc6 3. d4 cxd4 4. Nxd4 Nf6 5. Nc3 e5 6. Ndb5 d6 7. Bg5 a6 8. Na3 b5 9. Nd5 Be7 10. Bxf6 Bxf6 11. c3 Ne7 12. Nxf6+ gxf6 13. Be2 f5 14. exf5 Bxf5 15. 0-0 0-0 16. Qd2 Qc7 17. f4 Rad8 18. Nc2 Bxc2 19. Qxc2 f5 20. Kh1 Kh8 21. Rad1 Qc5 22. Qd2 Ng6 23. fxe5 dxe5 24. Qxd8 Rxd8 25. Rxd8+ Kg7 26. Rfd1 Qe3 27. Bf1 Nf4 1/2-1/2

[Event "Tatry op"]
[Site "Tatranske Zruby"]
[Date "2011.09.29"]
[Round "6"]
[White "Jurcisin, Imrich"]
[Black "Daels, Marc"]
[Result "1-0"]
[WhiteElo "2041"]
[BlackElo "2233"]
[PlyCount "85"]
[EventDate "2011.09.25"]
[EventType "swiss"]
[EventRounds "9"]
[EventCountry "SVK"]
[SourceTitle "CBM 144 Extra"]
[Source "ChessBase"]
[SourceDate "2011.10.28"]
[SourceVersion "1"]
[SourceVersionDate "2011.10.28"]
[SourceQuality "1"]

1. e4 c5 2. Nf3 Nc6 3. d4 cxd4 4. Nxd4 Nf6 5. Nc3 e5 6. Ndb5 d6 7. Nd5 Nxd5 8. exd5 Nb8 9. c4 a6 10. Qa4 Nd7 11. Be3 b6 12. Qa3 Nf6 13. Be2 Rb8 14. Nc3 Be7 15. 0-0 0-0 16. b4 Nd7 17. Na4 f5 18. f3 Bg5 19. Rac1 Bb7 20. Rfd1 Rc8 21. c5 Bxe3+ 22. Qxe3 bxc5 23. bxc5 dxc5 24. d6 Kh8 25. Qb3 Bc6 26. Nxc5 Bb5 27. Nxd7 Bxe2 28. Nxf8 Bxd1 29. Rxd1 Qxf8 30. Qd5 e4 31. fxe4 fxe4 32. Qxe4 Rd8 33. Qe6 Qf6 34. Qd5 h6 35. d7 Qb6+ 36. Kh1 Qf6 37. h3 Qe7 38. a4 a5 39. Kh2 Qf6 40. Qxa5 Qf4+ 41. Kg1 Qe3+ 42. Kh1 Qg5 43. Qxg5 1-0

[Event "Tatry op"]
[Site "Tatranske Zruby"]
[Date "2011.09.28"]
[Round "5"]
[White "Daels, Marc"]
[Black "Cambel, Vladimir"]
[Result "1-0"]
[WhiteElo "2233"]
[BlackElo "2036"]
[PlyCount "55"]
[EventDate "2011.09.25"]
[EventType "swiss"]
[EventRounds "9"]
[EventCountry "SVK"]
[SourceTitle "CBM 144 Extra"]
[Source "ChessBase"]
[SourceDate "2011.10.28"]
[SourceVersion "1"]
[SourceVersionDate "2011.10.28"]
[SourceQuality "1"]

1. e4 Nf6 2. e5 Nd5 3. d4 d6 4. c4 Nb6 5. exd6 cxd6 6. Nc3 g6 7. h3 Bg7 8. Be3 0-0 9. Nf3 Nc6 10. Qd2 Bf5 11. g4 Bd7 12. 0-0-0 Na5 13. b3 Rc8 14. c5 Bc6 15. Be2 Nd5 16. Nxd5 Bxd5 17. Qc2 Qd7 18. h4 Qc6 19. Rh3 b6 20. h5 Rb8 21. hxg6 fxg6 22. Rxh7 Be4 23. Rxg7+ Kxg7 24. Qc3 Qd5 25. Ng5 Rf6 26. f3 Bf5 27. gxf5 Rxf5 28. f4 1-0